| 000 | 00616nam a2200205 i 4500 | ||
|---|---|---|---|
| 001 | 149848 | ||
| 003 | ES-MaACL | ||
| 005 | 20230906203301.0 | ||
| 007 | t| | ||
| 008 | 071024s1957 sp ||||1| spa d | ||
| 100 | 1 |
_aVan der Meersch, Maxence. _9113032 |
|
| 245 | 1 | 3 |
_aLa huella de Dios / _cpor Maxence Van der Meersch ; [versión castellana de Antonio Espina]. |
| 260 |
_aBarcelona : _bG. P., _c[1957] |
||
| 300 |
_a159 p. ; _c18 cm. |
||
| 490 | 1 | _aPlaza | |
| 700 | 1 |
_aEspina, Antonio, _d1894-1972 _947833 |
|
| 830 | 0 |
_aPlaza _9181244 |
|
| 852 |
_aES-MaACL _jC-14528 _bR.41360 |
||
| 999 |
_c149848 _d149848 |
||